UNDERSTANDING THE DYNAMICS OF THE BRAZILIAN MARKET FOR NATIVE FOREST WOOD: A CASE STUDY FOR MINAS GERAIS STATE, BRAZIL (Registro n. 330177)
[ somente texto ]
| 000 -LÍDER | |
|---|---|
| fixed length control field | 05529nab a2200409 i 4500 |
| 003 - CÓDIGO MARC DA AGÊNCIA CATALOGADORA | |
| Campo de controle | BR-BrBNA |
| 005 - DATA E HORA DA ÚLTIMA ATUALIZAÇÃO | |
| Campo de controle | 20250226231808.0 |
| 008 - CAMPO DE TAMANHO FIXO | |
| fixed length control field | 250226b2021 bl.ar|pooa||| 00| 0 eng | |
| 040 ## - FONTE DA CATALOGAÇÃO | |
| Agência catalogadora | BR-BrBNA |
| Idioma da catalogação | eng |
| 072 ## - CATEGORIA AGRIS | |
| Código AGRIS | E70 |
| Código do objeto | 8905 - 8914 |
| 100 ## - ENTRADA PRINCIPAL - NOME PESSOAL | |
| Nome pessoal | Martins, Thales Guilherme Vaz |
| 100 ## - ENTRADA PRINCIPAL - NOME PESSOAL | |
| Nome pessoal | Reis, Geraldo Gonçalves dos |
| 100 ## - ENTRADA PRINCIPAL - NOME PESSOAL | |
| Nome pessoal | Reis, Maria das Graças Ferreira |
| 100 ## - ENTRADA PRINCIPAL - NOME PESSOAL | |
| Nome pessoal | Leite, Rodrigo Vieira |
| 100 ## - ENTRADA PRINCIPAL - NOME PESSOAL | |
| Nome pessoal | Telles, Lucas Arthur de Almeida |
| 100 ## - ENTRADA PRINCIPAL - NOME PESSOAL | |
| Nome pessoal | Mendes, Gleidson Guilherme Caldas |
| 100 ## - ENTRADA PRINCIPAL - NOME PESSOAL | |
| Nome pessoal | Lage, Mayara Ribeiro |
| 100 ## - ENTRADA PRINCIPAL - NOME PESSOAL | |
| Nome pessoal | Pinto, Dayane Lopes |
| 100 ## - ENTRADA PRINCIPAL - NOME PESSOAL | |
| Nome pessoal | Carvalho, Thamires de Souza |
| 100 ## - ENTRADA PRINCIPAL - NOME PESSOAL | |
| Nome pessoal | Cardoso, Hiohanes Moura |
| 100 ## - ENTRADA PRINCIPAL - NOME PESSOAL | |
| Nome pessoal | Lorenzon, Alexandre Simões |
| 100 ## - ENTRADA PRINCIPAL - NOME PESSOAL | |
| Nome pessoal | Martins, Douglas Vinícius Vaz |
| 245 ## - TÍTULO PRINCIPAL | |
| Título principal | UNDERSTANDING THE DYNAMICS OF THE BRAZILIAN MARKET FOR NATIVE FOREST WOOD: A CASE STUDY FOR MINAS GERAIS STATE, BRAZIL |
| 500 ## - NOTA GERAL | |
| Nota geral | Publicação on-line; 37 ref.; 4 illus; Sumaries (En, Pt) |
| 942 ## - ADDED ENTRY ELEMENTS (KOHA) | |
| Koha item type | Analítica |
| 520 ## - NOTA DE RESUMO | |
| Nota de conteúdo | <br/><br/>ABSTRACT – Understanding the Brazilian market for native wood helps forest managers and can guide conservation policies. This study aimed to evaluate the spatial and temporal distribution of supply and demand of the Brazilian native wood for four products namely, charcoal, roundwood, fi rewood, and sawn wood. We used the consumed wood volume from 2006 to 2016 in Minas Gerais (MG) tracking its supplier in Brazil accounting for 31 million cubic meters. These data were used as input for calculating mean centers and performing grouping analysis. The wood supply centers for the energy sector in Brazil have moved from Cerrado to the Caatinga biome. This change is consistent with historical patterns of agricultural expansion in Brazil. The largest mesoregions producing wood were: East of Mato Grosso do Sul State, South of Goiás State, and Center-South of Bahia State. The solid wood supply centers have moved from the North to Midwest regions but remained within the Amazon biome for almost all the years. This pattern is likely a consequence of timber regulation practices in the Amazon. The mesoregions: Madeira-Guaporé and East of Rondônia State, Southeast and Northeast of Pará State, and North of Mato Grosso State were the most important suppliers of solid wood to MG. Wood consumption for energy is centered in the Center and North regions of MG State, especially in Sete Lagoas, a hub of pig iron and cement industries. Solid wood products are dispersed in MG State, being Belo Horizonte, Conselheiro Lafaiete, Ubá, and Uberlândia the distribution centers of native wood for the furniture industry within MG. The spatial statistics helped to exploit the activity of the native wood market in Brazil and provides essential information for decision-makers that was not previously available.<br/><br/>Keywords: Brazilian wood market; Tropical forest; Spatial statistics. |
| 520 ## - NOTA DE RESUMO | |
| Nota de conteúdo | <br/><br/>RESUMO – Entender o mercado brasileiro de madeira nativa auxilia os gestores florestais e pode orientar as políticas de conservação. Este estudo teve como objetivo avaliar a distribuição espacial e temporal da oferta e demanda da madeira nativa brasileira para quatro produtos: carvão vegetal, madeira em tora, lenha e madeira serrada. Foi utilizado o volume de madeira consumido de 2006 a 2016 em Minas Gerais (MG) totalizando 31 milhões de metros cúbicos e obtido seu fornecedor no Brasil. Esses dados foram usados como entrada para calcular os centros médios e realizar análises de agrupamento. Os centros de abastecimento de madeira para o setor de energia no Brasil passaram do bioma Cerrado para a Caatinga. Essa mudança é consistente com os padrões históricos de expansão agrícola no Brasil. As maiores mesorregiões produtoras de madeira foram: Leste de Mato Grosso do Sul, Sul de Goiás e Centro-Sul da Bahia. Os centros de abastecimento de madeira sólida mudaram-se das regiões Norte para Centro-Oeste, mas permaneceram no bioma Amazônia por quase todos os anos. Esse padrão é provavelmente uma consequência das práticas de regulamentação da madeira na Amazônia. As mesorregiões: Madeira-Guaporé e Leste do Estado de Rondônia, Sudeste e Nordeste do Pará e Norte do Mato Grosso foram os principais fornecedores de madeira maciça para MG. O consumo de madeira para energia está concentrado nas regiões Centro e Norte do Estado de MG, principalmente em Sete Lagoas, polo das indústrias de ferro-gusa e cimento. Os produtos de madeira maciça estão dispersos no Estado de MG, sendo Belo Horizonte, Conselheiro Lafaiete, Ubá e Uberlândia os centros de distribuição de madeira nativa para indústria moveleira de MG. As estatísticas espaciais ajudaram a explorar a atividade do mercado de madeira nativa no Brasil e fornecem informações essenciais para os tomadores de decisão que não estavam disponíveis anteriormente.<br/><br/>Palavras-Chave: Mercado brasileiro de madeira; Floresta tropical; Estatística espacial. |
| 650 ## - ASSUNTO - THESAGRO | |
| Cabeçalho tópico ou nome geográfico | MERCADO NACIONAL |
| 650 ## - ASSUNTO - THESAGRO | |
| Cabeçalho tópico ou nome geográfico | FLORESTA NATIVA |
| 650 ## - ASSUNTO - THESAGRO | |
| Cabeçalho tópico ou nome geográfico | ANÁLISE ESTATÍSTICA |
| 650 ## - ASSUNTO - THESAGRO | |
| Cabeçalho tópico ou nome geográfico | MADEIRA SERRADA |
| 650 ## - ASSUNTO - THESAGRO | |
| Cabeçalho tópico ou nome geográfico | TORA |
| 650 ## - ASSUNTO - THESAGRO | |
| Cabeçalho tópico ou nome geográfico | CARVÃO VEGETAL |
| 773 0# - ENTRADA ANALÍTICA | |
| Host Biblionumber | 812 |
| Registro do item | 346928 |
| Imprenta | Viçosa-MG Sociedade de Investigações Florestais - Universidade Federal de Viçosa. Depto. de Engenharia Florestal 1977 |
| Outro identificador | 2024-7726 |
| Título | Revista Árvore (Brazil) |
| ISSN | 0100-6762 |
| Colação | v. 45 p. 1-11; (2021) |
| Número de controle de registro | BR2024004849 |
| 856 ## - ACESSO E ENDEREÇO ELETRÔNICO | |
| Identificador uniforme de recurso - URI | https://www.scielo.br/j/rarv/a/pFVLgNndvbTgs48qLg3xgGM/?format=pdf&lang=en |
Nenhum exemplar disponível.

BINAGRI